Datum a čas kvízu

31.5 Celkem bodů Celkový počet nahraných bodů na tomto kvízu bez doplňovacích otázek.
5. Pořadí na kvízu Konečné umístění týmu na tomto kvízu.

Zaznamenané odpovědi

# Otázka Odpověď Body Výsledky
1. Minulé pondělí došlo k obnoven... Družba 1
2. Bílý dům chtěl po americkém ná... John McCain 1
3. V úterý byly před zlínským Vel... Helena Vondráčková, Jan Hrušínský 0
4. V úterý byl vyhlášen v České r... Den daňové svobody 1
5. Česká tenistka, která (zatím)... Kateřina Siniaková 1
6. Začneme samotným slovem vzduch... povětří 1
7. Nedaleko jednoho středočeského... Čáslav 0
8. Že má tento přístroj něco spol... anemometr 1
9. Na obrázku vidíme meteorologic... izobary 1
10. Jak se nazývá dýchací systém n... vzdušnice 1